| 000 | 00884 a2200229 4500 | ||
|---|---|---|---|
| 003 | UA-OsUOA | ||
| 005 | 20260430120539.0 | ||
| 008 | 260430b un ||||| |||| 00| 0 ukr d | ||
| 040 |
_aUA-OsUOA _bukr _cUA-OsUOA _dUA-OsUOA |
||
| 041 | _aukr | ||
| 080 | _a82-34 | ||
| 090 |
_a82-34 _bН28 |
||
| 100 |
_aНаріжна І. _925142 |
||
| 245 |
_aКазка про трьох ведмедиків _cІрина Наріжна |
||
| 260 |
_bВидання Українського Народного Союзу _c1963 _aДжерзі Ситі ; _aНю Йорк |
||
| 300 | _a15 с. | ||
| 490 |
_aБібліотека "Веселки" _vвипуск ч. 5 |
||
| 650 |
_2UDC _a82 Література. Літературознавство _915 |
||
| 942 |
_cBR _2udc |
||
| 955 | _a3 | ||
| 999 |
_c580625 _d580625 |
||